The Godfather Wedding Photo Quiz Stats

 Plays Quiz Updated Oct 15, 2017

Also try: Godfather Actors
Challenge
Share
Tweet
Score 0/15 Timer 04:00
5 Plays Today
% Correct
Vito Corleone
94.6%
Michael Corleone
93.1%
Santino Corleone
88%
Frederico Corleone
81.3%
Tom Hagen
77.8%
Kay Adams
67.3%
Constanzia Corleone
59%
Carlo Rizzi
47%
% Correct
Carmela Corleone
41.5%
Frank Hagen
26%
Frank Corleone
26%
Sandra Corleone
22.4%
Andrew Hagen
15.6%
Francesca Corleone
14.5%
Kathryn Corleone
14.3%

You're not logged in!

Compare scores with friends on all Sporcle quizzes.
Join for Free
OR
Log In

You Might Also Like...

Show Comments

Extras

Top Quizzes Today


Score Distribution

Your Account Isn't Verified!

In order to create a playlist on Sporcle, you need to verify the email address you used during registration. Go to your Sporcle Settings to finish the process.

Report this User

Report this user for behavior that violates our Community Guidelines.

Details: